Top 15 Covid-19 getroffen landen - 7 juni - Statistieken

Algemene statistieken
  • Deze quiz is 4 keer genomen
  • De gemiddelde score is 12 van 26
Antwoordstatistieken
land % Correct
Brazilië
100%
India
100%
Mexico
100%
Verenigde Staten
100%
België
75%
Frankrijk
75%
Italië
75%
Spanje
75%
Verenigd Koninkrijk
75%
Zweden
75%
Duitsland
50%
Ierland
50%
Rusland
50%
Chili
25%
Chili
25%
Iran
25%
Peru
25%
Turkije
25%
Wit-Rusland
25%
Armenië
0%
Bahrein
0%
Koeweit
0%
Qatar
0%
Saoedi-Arabië
0%
Singapore
0%
Verenigde Arabische Emiraten
0%
Geen overeenkomende quizzen gevonden
Scoreverdeling
Procent van Mensen met Elke Score
Percentiel versus Aantal Correcte Antwoorden
Uw Scoregeschiedenis
U heeft deze quiz nog niet genomen